| 000 | 01275nam a2200385 a 4500 | ||
|---|---|---|---|
| 005 | 20200104041523.0 | ||
| 008 | 140120b1997 ck ||||| |||| 00| 0 spa d | ||
| 040 | _cCO-BhIH | ||
| 041 | _aspa | ||
| 044 | _ack | ||
| 090 |
_aIAvH _b00056 |
||
| 100 |
_aCobaria, Berito _928969 |
||
| 245 | _aBiodiversidad y sistemas de producción U'wa en el norte de Boyacá | ||
| 260 |
_aBogotá _bInstituto Alexander von Humboldt _bCabildo Mayor Indigena U'WA _bIDAE _c1997 |
||
| 300 | _a24 p. | ||
| 650 |
_aBiodiversidad _992204 |
||
| 650 |
_aSistemas de producción _992252 |
||
| 650 |
_aComunidad Uwa _94223 |
||
| 650 |
_aConservación de biodiversidad _9345 |
||
| 650 |
_aRecuperación ambiental _92472 |
||
| 650 |
_aManejo de biodiversidad _92614 |
||
| 662 |
_aColombia _cParque Nacional Natural El Cocuy _bCasanare, Boyacá y Arauca |
||
| 700 |
_aPérez, R. _94224 |
||
| 700 |
_aFranco García, Roberto _94225 |
||
| 700 |
_aOrjuela, Mónica _94226 |
||
| 700 |
_aCobaria, Berito _928973 |
||
| 700 |
_aCobaria, José _94228 |
||
| 700 |
_aCaballero, Luis _94229 |
||
| 700 |
_aArenas, Hernando _94230 |
||
| 700 |
_aGalindo, Mauricio _94231 |
||
| 700 |
_aMéndez, Edgar _94232 |
||
| 700 |
_aMesa, Gregorio _94233 |
||
| 700 |
_aGutiérrez, Ruth _94234 |
||
| 942 |
_cINFORME _2z _01 |
||
| 999 |
_c1692 _d1692 |
||